Books by Authors' Inspiration Quiz Stats

 Plays Quiz Updated Jan 10, 2018

Also try: Holidays by Origin
Challenge
Share
Tweet
Embed
Score 0/20 Timer 07:00
3 Plays Today
% Correct
Charlie and the Chocolate Factory
95.7%
Moby Dick
94.8%
The Very Hungry Caterpillar
93.7%
The Shining
92%
The Lion, the Witch and the Wardrobe
88.9%
The Kite Runner
87.6%
Of Mice and Men
86.5%
The Lord of the Rings
86.3%
One Flew Over the Cuckoo's Nest
84.6%
The Hitchhiker's Guide to the Galaxy
84.3%
% Correct
Lord of the Flies
83%
A Wrinkle in Time
79.7%
The Book Thief
79.4%
Ender's Game
77.8%
Harry Potter and the Philosopher's Stone
77.3%
The Fault in Our Stars
76.8%
The Hunger Games
74.4%
The Color Purple
74.4%
The Lightning Thief
73.8%
Murder on the Orient Express
67.5%

You're not logged in!

Compare scores with friends on all Sporcle quizzes.
Join for Free
OR
Log In

You Might Also Like...

Show Comments

Extras

Top Quizzes Today


Score Distribution

Your Account Isn't Verified!

In order to create a playlist on Sporcle, you need to verify the email address you used during registration. Go to your Sporcle Settings to finish the process.

Report this User

Report this user for behavior that violates our Community Guidelines.

Details: